All or nothing (Record no. 69767)

MARC details
000 -LEADER
fixed length control field 01132cam a2200217 4500
001 - CONTROL NUMBER
control field ABS65173
008 - FIXED-LENGTH DATA ELEMENTS--GENERAL INFORMATION
fixed length control field 020312n2002 000 0 eng u
035 ## - SYSTEM CONTROL NUMBER
System control number (Sirsi) u117109
100 ## - MAIN ENTRY--PERSONAL NAME
Personal name Bessey, J.
245 ## - TITLE STATEMENT
Title All or nothing
260 ## - PUBLICATION, DISTRIBUTION, ETC.
Date of publication, distribution, etc. 2002
490 ## - SERIES STATEMENT
Series statement Building
Volume/sequential designation 267 (8214) 1 March 2002, 50(1)
520 ## - SUMMARY, ETC.
Summary, etc. Examines a recent court ruling, Shimiz Europe Ltd v Automajor Ltd. Plaintiff challenged the adjudicator's decision on the grounds that he ordered payment in areas where he had no jurisdiction. The court disagreed and also revealed a reluctance for the 'unpicking and re-sewing' of the adjudicator's decision. Concludes that the decision of an adjudicator must be challenged in its entirety or not at all.
590 ## - LOCAL NOTE (RLIN)
Local note ABS
650 ## - SUBJECT ADDED ENTRY--TOPICAL TERM
Topical term or geographic name entry element MANAGEMENT-DISPUTE AVOIDANCE, MANAGEMENT AND RESOLUTION-DISPUTE MANAGEMENT AND RESOLUTION-ALTERNATIVE DISPUTE RESOLUTION-ADJUDICATION
650 ## - SUBJECT ADDED ENTRY--TOPICAL TERM
Topical term or geographic name entry element SHIMIZU EUROPE LTD V AUTOMAJOR LTD 2002
650 ## - SUBJECT ADDED ENTRY--TOPICAL TERM
Topical term or geographic name entry element MANAGEMENT-DISPUTE AVOIDANCE, MANAGEMENT AND RESOLUTION-DISPUTE MANAGEMENT AND RESOLUTION-ARBITRATION
650 ## - SUBJECT ADDED ENTRY--TOPICAL TERM
Topical term or geographic name entry element COURT RULING
690 ## - LOCAL SUBJECT ADDED ENTRY--TOPICAL TERM (OCLC, RLIN)
Topical term or geographic name as entry element LAW-UK
942 ## - ADDED ENTRY ELEMENTS (KOHA)
Suppress in OPAC 0
Holdings
Withdrawn status Lost status Source of classification or shelving scheme Damaged status Not for loan Home library Current library Shelving location Date acquired Total Checkouts Full call number Barcode Date last seen Copy number Price effective from Koha item type
    Dewey Decimal Classification     London London Books 12/03/2002   ABS65173 117109-1001 06/08/2019 1 06/08/2019 Book